Statistiques concernant Instruments d'un orchestre symphonique

Cliquez ici pour prendre le quiz!

Statistiques générales

  • Ce quiz a été pris 1 205 fois
    (600 depuis la dernière actualisation)
  • Le résultat moyen est 15 sur 26

Statistiques - réponses

Type d'instrumentNom% Correct
Cordes frottéesViolon
99%
Cordes frottéesVioloncelle
95%
CuivresTrompette
91%
BoisFlûte traversière
89%
Cordes frottéesContrebasse
88%
BoisClarinette (mib ou sib)
83%
BoisHautbois
80%
CuivresCor d'harmonie
79%
CuivresTrombone
74%
Cordes frottéesAlto
73%
PercussionsTriangle
72%
CuivresTuba
70%
Cordes pincéesHarpe
68%
PercussionsCymbale
60%
PercussionsTambour d'orchestre
58%
BoisBasson
54%
PercussionsTimbale
54%
PercussionsXylophone
53%
PercussionsGrosse caisse
42%
BoisPiccolo
37%
BoisCor anglais
27%
BoisClarinette basse
23%
BoisContrebasson
22%
PercussionsTambourin
19%
PercussionsCarillon tubulaire
15%
CuivresTrombone basse
6%

Distribution des résultats

Percentile par nombre de réponses

% des personnes avec chaque résultat

Votre développement - résultats

Vous n’avez pas pris ce quiz depuis la dernière actualisation